000 01996nam a2200397 c 4500
003 BLK
005 20221129092034.0
008 180413b bul|||||r ||||||| ||bul||
010 _aKNG00024883000
020 _a954-717-058-9
_bиздат.: Тилиа - на том(ч. 4)
040 _aBLK
041 _aBUL
_cBUL
080 _aРуска литература
_b821.161.1
_x.09(092)
_z821.161.1.09(092)
080 _aБиографии
_b929
_x
_z929
700 1 _aТроев, Петко
_eсъстав.
_9252839
700 1 _aНаков, Манол
_eпрев. от рус.
_9252840
139 _aРуска литературна класика
_bР 95
245 1 0 _aРуска литературна класика
_bСборник : Ч. 1 -
_cсъстав. Петко Троев; прев. от рус. Манол Наков.
_nЧ. 4
_pПрофили и творби
257 _aRUS
260 София
_bБулвест 2000
_c1994 -
_fЗа том: Русе : Дунав прес
300 _c23 см
380 _a82
650 4 _aРуска литература
_9249426
650 4 _aПисатели, руски
_9245764
650 4 _aПоети, руски
_9245652
653 _aруски писатели
653 _aруски поети
653 _aруска литература
653 _aлитературни анализи
760 1 _3- на том(ч. 4)
_dТилиа, 1998
_h285 с.
_nЗа А. М. Ремизов, Е. И. Замятин, Б. А. Пилняк, И. Е. Бабел, А. С. Грин, В. В. Набоков, М. М. Зошченко, И. Илф, Е. Петров, М. А. Шолохов, А. Н. Толстой, И. С. Шмельов, М. А. Булгаков, А. П. Платонов, Б. Л. Пастернак, М. М. Пришвин, Н. А. Заболоцки
_tЧ. 4 Профили и творби
852 _aЦб 176775
856 4 _qpdf
_u
856 4 _qpdf
_u
942 _cKNG
_n0
_03
944 _aCR
_c15.01.2003
_kГеновева_Генчева
944 _aED
_c05.01.2005
_k
999 _c22503
_d22503